000 00933nam a2200277Ia 4500
005 20220317000738.0
008 160601s2004 sp g 000 0 spa
020 _a8448819489
100 1 _aJarman, Julia
245 1 2 _aLa gran bañera roja
_cJulia Jarman ; ilustraciones Adrian Reynolds ; traducción María Casas
250 _a1a. edición
300 _a14 páginas
_bilustraciones
_c30 cm
650 1 4 _2LEMB
_aÁlbumes infantiles
650 1 4 _2LEMB
_aLiteratura infantil
650 1 4 _2LEMB
_aAnimales en la literatura
650 1 4 _2LEMB
_aBaños en la literatura
700 1 _aCasas, María
_etraductor
_953875
700 1 _aReynolds, Adrian
_eilustrador
_953876
942 _2loc
_cBKINF
264 _aBarcelona
_bBeascoa
_c2004
336 _atexto
_btxt
_2rdacontent
337 _asin mediación
_bn
_2rdamedia
338 _avolumen
_bnc
_2rdacarrier
040 _aCO-BoRNBP
_bspa
_erda
_cCO-BoRNBP
084 _aA JAR3
999 _c4940
_d4940